Опись мебели, убранства и других вещей по камер-цалмейстерской части Николаевского дворца

Доступно только в Электронных читальных залах Найти на картеНа карте
RUSMARC
00003759nmc2a22002413x 450
0014ba17c99-63d7-4f8f-a271-ba3ef1d084d0
00520210421121200.0
100##$a20201027l18591859k l0rusy0189 ca
1010#$arus
102##$aRU
105##$ay###
1222#$ad
2001#$aОпись мебели, убранства и других вещей по камер-цалмейстерской части Николаевского дворца
$j1859 г.
$h[Тетрадь 4]
215##$a76 л.
$d36,5х26 см
251##$cДело
300##$aДело
371##$aДокумент не является опубликованным и широко распространяемым
461#0$1001523d12d2-4a37-4177-a83e-48262505de72
$12001
$aКонтора Двора наследника великого князя Александра Александровича Министерства императорского двора
$1251
$cФонд
$1852
$j1339
462#0$1001491caabc-e945-4aff-b3be-bff7dc9805bf
$12001
$aКонтора Двора наследника великого князя Александра Александровича Министерства императорского двора
$1251
$cОпись
$1852
$j2
801#0$aRU
$bРГИА
$c20201027
$gRCR
801#1$aRU
$bГлавНИВЦ
$c20201027
$2rusmarc
801#2$aRU
$bПБ им. Б.Н. Ельцина
$c20210421
$gRCR
$2rusmarc
850##$aРГИА
852##$aРГИА
$eФедеральное казенное учреждение "Российский государственный исторический архив" (РГИА)
$j12
937##$hРГИА
$d12347632
$aASBIBLIO_SCAN
035##$aRusGRCC00010802
856##$uhttp://readingroom.main.prlib.ru/item.aspx?id_node=n162832837&mode=full
Формат отображения